Sharp increase in tender prices (Record no. 118259)

MARC details
000 -LEADER
fixed length control field 01029cam a2200217 4500
001 - CONTROL NUMBER
control field WB@3612-76
008 - FIXED-LENGTH DATA ELEMENTS--GENERAL INFORMATION
fixed length control field 041029n2004 000 0 eng u
035 ## - SYSTEM CONTROL NUMBER
System control number (Sirsi) u127881
245 ## - TITLE STATEMENT
Title Sharp increase in tender prices
260 ## - PUBLICATION, DISTRIBUTION, ETC.
Date of publication, distribution, etc. 2004
490 ## - SERIES STATEMENT
Series statement RICS News Service
Volume/sequential designation 29 October 2004 (2)
520 ## - SUMMARY, ETC.
Summary, etc. The price of construction work rose sharply in the 2nd quarter of 2004, according to the latest "BCIS tender price index". Tender prices jumped by 7.0% compared to the previous quarter. New work output is expected to rise well ahead of trend in 2004 and 2005. This could be a reflection of anticipated strong upward pressure from input costs during firm price contract periods, particularly as a result of potential steel and oil price increases. For more information go to: http://www.bcis.co.uk.
590 ## - LOCAL NOTE (RLIN)
Local note WB
590 ## - LOCAL NOTE (RLIN)
Local note WB
650 ## - SUBJECT ADDED ENTRY--TOPICAL TERM
Topical term or geographic name entry element TENDER PRICES
650 ## - SUBJECT ADDED ENTRY--TOPICAL TERM
Topical term or geographic name entry element TENDER PRICE INDICES
650 ## - SUBJECT ADDED ENTRY--TOPICAL TERM
Topical term or geographic name entry element TENDER FORECASTS
650 ## - SUBJECT ADDED ENTRY--TOPICAL TERM
Topical term or geographic name entry element BCIS
690 ## - LOCAL SUBJECT ADDED ENTRY--TOPICAL TERM (OCLC, RLIN)
Topical term or geographic name as entry element BUILDING AND CONSTRUCTION-MARKET
942 ## - ADDED ENTRY ELEMENTS (KOHA)
Suppress in OPAC 0
Holdings
Withdrawn status Lost status Source of classification or shelving scheme Damaged status Not for loan Home library Current library Shelving location Date acquired Total Checkouts Full call number Barcode Date last seen Copy number Price effective from Koha item type
    Dewey Decimal Classification     London London News article 29/10/2004   WB4041-02 127881-1001 06/08/2019 1 06/08/2019 News article